Como nasceram as estrelas (Record no. 157422)

MARC details
000 -LÍDER
campo de controle de tamanho fixo 00382 a2200157 4500
001 - NÚMERO DE CONTROLE
campo de controle 157422
020 ## - ISBN - INTERNATIONAL STANDARD BOOK NUMBER
ISBN - International Standard Book Number 85-325-1016-7
040 ## - FONTE DA CATALOGAÇÃO
Instituição que transcreveu o registro Escola São Tomás de Aquino
100 ## - ENTRADA PRINCIPAL--NOME PESSOAL
Nome pessoal LISPECTOR, Clarice
240 10 - TÍTULO UNIFORME
Título uniforme Como nasceram as estrelas
Idioma da obra
245 10 - TÍTULO
Título Como nasceram as estrelas
300 ## - DESCRIÇÃO FÍSICA
Extensão 53
362 0# - DATAS DE PUBLICAÇÃO E/OU DESIGNAÇÃO SEQUENCIAL
Datas de publicação e/ou designação sequencial 1999
697 ## - ENTRADA DE ASSUNTO LOCAL--ENTIDADE COLETIVA (RLIN)
Nome corporativo ou nome da jurisdição Folclore / Adivinhações / Lendas
942 ## - ELEMENTOS DE ENTRADA ADICIONADOS (KOHA)
Tipo de material Koha Livros
Holdings
Situação do descarte Situação das perdas Situação física Não pode ser emprestado Biblioteca de origem Biblioteca atual Data de aquisição Total de empréstimos Número de chamada completo Código de barras Data de último acesso Data do preço efetivo Tipo de material Koha
        ESTA - SÃO BENTO ESTA - SÃO BENTO 30/04/2024   398 LIS COM EST00012349 30/04/2024 30/04/2024 Livros